00785nam a2200205 a 450000100100000000500170001000800410002702000150006804000250008310000290010824000390013724500880017626000410026430000290030550000420033450000340037670000410041095201110045199900170056200004011320201002033927.0130807s1990 ag a 000 0 spa d a8486344867 aDO-SdBNPbspacBNPHU1 aSiegel, Bernie s.94942010aPeace, love and healinglEspañol10aPaz, amor y autocuración /cBernie S. Siegel ; traducción Martha I. Guastavino. aBarcelona :bEdiciones Urano,c1990. a345 p. :bils. ;c23 cm. aIncluye notas al pie de las páginas aTraducido del idioma inglés1 aGuastavino, Martha I.,etrad.966378 001054708MOaGRbGRcCTd2013-08-07iLF1l0o p40113-10r2020-06-25w2020-06-25y4ZPréstamo en sala c39603d39603